Контроль наличия дефектов провода по изменению электрической ёмкости; Научная инициатива иностранных студентов и аспирантов российских вузов

Podrobná bibliografie
Parent link:Научная инициатива иностранных студентов и аспирантов российских вузов.— 2019.— [С. 99-105]
Hlavní autor: Ли Кэянь
Korporativní autor: Национальный исследовательский Томский политехнический университет Инженерная школа неразрушающего контроля и безопасности Отделение контроля и диагностики
Další autoři: Исмагилов А. Артем (научный руководитель), Вавилова Г. В. Галина Васильевна
Shrnutí:Заглавие с экрана
Jazyk:ruština
Vydáno: 2019
Edice:Актуальные проблемы инженерных наук
Témata:
On-line přístup:http://earchive.tpu.ru/handle/11683/56562
Médium: Elektronický zdroj Kapitola
KOHA link:https://koha.lib.tpu.ru/cgi-bin/koha/opac-detail.pl?biblionumber=630266

MARC

LEADER 00000naa2a2200000 4500
001 630266
005 20231101133613.0
035 |a (RuTPU)RU\TPU\conf\31217 
035 |a RU\TPU\conf\31216 
090 |a 630266 
100 |a 20191023d2019 k y0rusy50 ca 
101 0 |a rus 
102 |a RU 
105 |a y z 101zy 
135 |a drcn ---uucaa 
181 0 |a i  
182 0 |a b 
200 1 |a Контроль наличия дефектов провода по изменению электрической ёмкости  |f Ли Кэянь, А. Исмагилов  |g науч. рук. Г. В. Вавилова 
203 |a Текст  |c электронный 
225 1 |a Актуальные проблемы инженерных наук 
230 |a 1 компьютерный файл (pdf; 659 Kb) 
300 |a Заглавие с экрана 
320 |a [Библиогр.: с. 104-105 (8 назв.)] 
463 0 |0 (RuTPU)RU\TPU\conf\30816  |t Научная инициатива иностранных студентов и аспирантов российских вузов  |o сборник докладов IX Всероссийской научно-практической конференции, Томск, 24-26 апреля 2019 г.  |f Национальный исследовательский Томский политехнический университет (ТПУ)  |v [С. 99-105]  |d 2019 
610 1 |a электронный ресурс 
610 1 |a труды учёных ТПУ 
610 1 |a контроль 
610 1 |a дефекты 
610 1 |a провода 
610 1 |a электрическая емкость 
700 0 |a Ли Кэянь 
701 1 |a Исмагилов  |b А.  |g Артем 
702 1 |a Вавилова  |b Г. В.  |c специалист в области неразрушающего контроля  |c старший преподаватель Томского политехнического университета  |f 1981-  |g Галина Васильевна  |2 stltpush  |4 727 
712 0 2 |a Национальный исследовательский Томский политехнический университет  |b Инженерная школа неразрушающего контроля и безопасности  |b Отделение контроля и диагностики  |h 7978  |2 stltpush  |3 (RuTPU)RU\TPU\col\23584 
801 2 |a RU  |b 63413507  |c 20191028  |g RCR 
856 4 |u http://earchive.tpu.ru/handle/11683/56562 
942 |c BK